000 00703nam a22002177a 4500
003 UA-OsUOA
001 71234
007 ta
008 20101011b un ||||| |||| 00| 0 ukr d
100 _aКаменська Т.
090 _a657
_bК18
942 _cSA
040 _aUA-OsUOA
_bukr
_cUA-OsUOA
_dUA-OsUOA
245 _aРоль внутрішнього аудиту в ситемі внутрішнього контролю
300 _aС.43-47
955 _a0
041 _aukr
080 _a657
773 0 _w71230
_tБухгалтерський облік і аудит
_dК.
_d2010
_g9
650 7 _a657 Бухгалтерія. Бухгалтерський облік. Рахівництво
_2UDC
999 _c357489
_d357489